Logic And Computer Design Fundamentals/ (Record no. 214110)

MARC details
000 -LEADER
fixed length control field 00720nam a22002177a 4500
005 - DATE AND TIME OF LATEST TRANSACTION
control field 20260114122419.0
010 ## - LCCN (DPL NO)
LC control number ENG-147453
020 ## - INTERNATIONAL STANDARD BOOK NUMBER
International Standard Book Number 9789361596223
Terms of availability 935.00
035 ## - SYSTEM CONTROL NUMBER
System control number EN-130985
037 ## - SOURCE OF ACQUISITION
Source of stock number/acquisition DBAD
082 ## - DEWEY DECIMAL CLASSIFICATION NUMBER
Classification number 004.22
Edition number 5
100 ## - MAIN ENTRY--PERSONAL NAME
Personal name Mano, M. Morries
245 ## - TITLE STATEMENT
Title Logic And Computer Design Fundamentals/
Statement of responsibility, etc M. Morries Mano; Charles Kime [and] Tom Martin
250 ## - EDITION STATEMENT
Edition statement 5
260 ## - PUBLICATION, DISTRIBUTION, ETC. (IMPRINT)
Place of publication, distribution, etc Noida
Name of publisher, distributor, etc Pearson India Education
Date of publication, distribution, etc 2026
270 ## - ADDRESS
Address 15th Floor, Towe-B, World Trade Tower, Plot No.1, Block-C, Sector-16
City Noida
Postal code 201301
300 ## - PHYSICAL DESCRIPTION
Extent 672p.
Dimensions 23cm(pb)
700 ## - ADDED ENTRY--PERSONAL NAME
Personal name Kime, Charles
Relator term Author
9 (RLIN) 86354
700 ## - ADDED ENTRY--PERSONAL NAME
Personal name Martin, Tom
Relator term Author
9 (RLIN) 86355
942 ## - ADDED ENTRY ELEMENTS (KOHA)
Source of classification or shelving scheme Dewey Decimal Classification
Item type English Books
Classification part 004.22
Call number suffix MAN
Holdings
Withdrawn status Lost status Not for loan Collection code Home library Current library Date acquired Source of acquisition Cost, normal purchase price Full call number Barcode Copy number Cost, replacement price Koha item type
      Non-fiction Ashok Vihar Ashok Vihar 14/01/2026 Delivery of Books Act Division 935.00 004.22 MAN EN-130985 1 935.00 English Books

© Delhi Public Library
Hit Counter
free hit counter